02143cam a22003374a 450000100090000000300060000900500170001500800410003201000170007302000360009002000350012604000130016104300120017405000210018608200190020724501430022626000460036930000270041550400640044250508370050665000290134365000270137265100450139970000390144470000390148370000250152290600450154794200330159299900170162595201630164216465520AUA.120180425175924.0100919s2011 nju b 001 0 eng  a 2010038844 a1592217710 (cloth : alk. paper) a1592217729 (pbk. : alk. paper) aDLCcDLC af------00aHQ691b.F76 201100a306.85096722200aFrontiers of globalization :bkinship and family structures in Africa /cedited by Ana Marta Gonzâlez, Laurie DeRose, and Florence Oloo. aTrenton, NJ :bAfrica World Press,c2011. axxii, 290 p. ;c22 cm. aIncludes bibliographical references (p. 272-279) and index.0 aChanges in African families : a review of anthropological and sociological approaches towards family and kinship in Africa / Erdmute Alber and Astrid Bochow -- Stretched and strained but not broken : kinship in contemporary Nigeria / Daniel Jordan Smith -- Child trafficking in West Africa? / Erdmute Alber -- An approach to the concept of family in the African Union / Paloma Durán y Lalaguna -- Legislating marriage : globalization and family law reform in West Africa / Susanna D. Wing -- Matrifocality, patriarchy and globalization : changing family forms in a south African city / Leslie Bank -- Towards a different kind of freedom : notes on historicizing globalization and women in Africa / Abena P.A. Busia -- African masculinities, relationships, and sexualities / Victor Seidler -- Religion and HIV risk / Laurie DeRose. 0aFamilieszAfrica.915308 0aGlobalizationzAfrica. 0aAfricaxSocial conditionsy21st century.1 aGonzález, Ana Marta,d1969-eed.1 aDeRose, Laurie Fields,d1968-eed.1 aOloo, Florence.eed. a7bcbccorignewd1eecipf20gy-gencatlg 2lcccBOOKhHQ 691i.F76 2011 c18562d18562 00102lcc40708BooksaAUA.1bAUA.1cGSd2017-06-19eBought by JTLg37.67hAUA21637oHQ 691 .F76 2011pAUA21637r2017-06-19 00:00:00v37.67w2017-06-19yBOOK